000 01110na a2200325 4500
001 21975
003 MIRAKIL
005 20181213154822.0
008 170209b tu 000 0
020 _a9786053601029
040 _aMilas
_btur
_cTR-AnCHP
041 _atur
082 _a701.18
_bİ52h 2011
090 _a701.18 İ52h 2011
100 _aİnalcık, Halil
_d1916-2016
245 _aHas-bağçede 'Ayş u Tarab
_bNedimler, şairler, mutribler
_cHalil İnalcık; editör Emre Yalçın; Fotoğraflar Hadiye Cangökçe
246 _aNedimler, şairler, mutribler
260 _aİstanbul
_bTürkiye İş Bankası Kültür Yayınları
_c2011
300 _a328 s.
_bres.; minyatür
_c29 sm.
440 _aTürkiye İş Bankası Kültür Yayınları
_v2100
490 _aHalil İnalcık Seçme Eserleri
_v3
504 _aKaynakça var.
650 _aOsmanlı Dönemi
_xMüzisyenler
650 _aOsmanlı Dönemi
_xNedimler
650 _aOsmanlı Dönemi
_xŞairler
650 _aSanat tarihi
_xOsmanlı Dönemi
700 _aCangökçe, Hadiye
700 _aYalçın, Emre
942 _2dcc
_cBKS
999 _c1421
_d1421